Statistics for Bavarian Monarchs

Click here to take the quiz!

General Stats

  • This quiz has been taken 23 times
  • The average score is 5 of 6

Answer Stats

HouseReignAnswer% Correct
Wittelsbach13 Oct 1825 - 20 Mar 1848Louis I
94%
Wittelsbach10 Mar 1864 - 13 Jun 1886Louis II
94%
Wittelsbach5 Nov 1913 - 13 Nov 1918Louis III
78%
Wittelsbach20 Mar 1848 - 10 Mar 1864Maximilian II
72%
Wittelsbach1 Jan 1806 - 13 Oct 1825Maximilian I Joseph
72%
Wittelsbach13 Jun 1886 - 5 Nov 1913Otto
44%

Score Distribution

Percentile by Number Answered

Percent of People with Each Score

Your Score History

You have not taken this quiz